1067 1135 1493 1591 1175 1378 1877 1993 1902 1080 1160 1589 1186 1671 1704 1922 1469 1544 1463 1092 1852 1811 1096 1843 1655 1102 1059 1152 1840 1788 1343 1315 1766 1773 1994 1868 1335 1573 1482 1430 1339 1953 1224 1644 1929 1607 1141 1082 1781 1136 1720 1620 1681 1487 1609 1300 1449 1346 1358 1737 1423 1558 1266 1470 1496 1822 1610 1272 1634 1454 1675 1191 1007 1797 1529 1653 1877 1515 1852 1189 1592 1564 1452 1492 1595 1329 1701 1393 1058 1074 1723 1538 1938 1741 1037 1136 1941 1831 1536 BCNSPRNW ULIB Ver.6.0+V

เปลี่ยนเป็นภาษาไทย

Change to English
 แสดงรายละเอียดบรรณานุกรม
  กลับหน้าหลัก

Brief Record : Get Marc (ISO 2709) : E-mail record : QR code < ปิดหน้าต่าง
LEADER : 00000nam 2200000uu 4500
001    13399112207
003     ULIB
008    110801s2554||||th 000 0 tha d
020    9786160602421
090    นว.^bอ525พ 2554
100 0  อัญชรีย์
245 00 พันธนาการดาว./^cอัญชรีย์
250    พิมพ์ครั้งที่ 2
260    กรุงเทพฯ:^bแจ่มใส, ^c2554.
300    355 หน้า
945    ^p219^l0^i18462
995    เกษร
999 ^a ใช้งานได้ทุกระบบ
รายการนี้ยังไม่มีแท็ก
คุณยังไม่ได้ล็อกอิน คุณสามารถมีกิจกรรมร่วมกับเว็บไซต์ได้ แต่ต้องล็อกอินก่อน ::
  ล็อกอิน

รายการสื่อสารสนเทศ

ลำดับที่ ประเภท เลขเรียก/บาร์โค้ด สถานที่ สถานะ
1. นวนิยาย
นวนิยาย
นว. อ525พ 2554  
  Barcode: 18462
ห้องสมุดวิทยาเขตสวรรค์ประชารักษ์
►นวนิยาย
บนชั้น
  ขอยืม

รายการใกล้เคียง
    ผู้แต่ง [อัญชรีย์]

BibComment


ยังไม่เคยถูกคอมเมนท์

คอมเมนท์ทรัพยากรรายการนี้
  คอมเมนท์: พันธนาการดาว อัญช..


 Copyright 2026. Bcnsprnw @Library